Технология растительного каучука и гуттаперчи: учебное пособие для втузов

Bibliografiset tiedot
Muut tekijät: Бобков П. К. (редактор), Журавлев В. В., Игнатьев А. М.
Kieli:venäjä
Julkaistu: Москва, Госхимиздат, 1944
Aiheet:
Aineistotyyppi: MixedMaterials Kirja
KOHA link:https://koha.lib.tpu.ru/cgi-bin/koha/opac-detail.pl?biblionumber=152318

MARC

LEADER 00000nam0a2200000 4500
001 152318
005 20231031150945.0
035 |a (RuTPU)RU\TPU\book\165148 
090 |a 152318 
100 |a 20090129d1944 m y0rusy50 ca 
101 0 |a rus 
102 |a RU 
105 |a a j 001zy 
200 1 |a  Технология растительного каучука и гуттаперчи  |e учебное пособие для втузов  |f под ред. П. К. Бобкова, В. В. Журавлева, А. М. Игнатьева 
210 |a Москва  |c Госхимиздат  |d  1944 
215 |a 240 с.  |c ил. 
320 |a Предм. указ.: с. 232-240. 
610 1 |a каучук 
610 1 |a гуттаперча 
610 1 |a технология 
610 1 |a выработка 
610 1 |a растения 
610 1 |a состав 
610 1 |a свойства 
610 1 |a переработка 
610 1 |a сырье 
610 1 |a хранение 
610 1 |a латексы 
675 |a 678  |v 3 
702 1 |a Бобков  |b П. К.  |4 340 
702 1 |a Журавлев  |b В. В.  |4 340 
702 1 |a Игнатьев  |b А. М.  |4 340 
801 1 |a RU  |b 63413507  |c 20090129  |g PSBO 
801 2 |a RU  |b 63413507  |c 20160706  |g RCR 
942 |c BK